Normal view MARC view
  • Malkoç, Anna Maria

Entry Personal Name

Number of records used in: 1

001 - CONTROL NUMBER

  • control field: 153590

003 - CONTROL NUMBER IDENTIFIER

  • control field: DLC

005 - DATE AND TIME OF LATEST TRANSACTION

  • control field: 20260413115923.0

008 - FIXED-LENGTH DATA ELEMENTS

  • fixed length control field: 930210n| acannaab| |n aaa |||

010 ## - LIBRARY OF CONGRESS CONTROL NUMBER

  • LC control number: n 93012330

040 ## - CATALOGING SOURCE

  • Original cataloging agency: DLC
  • Transcribing agency: DLC
  • Modifying agency: DLC

100 10 - HEADING--PERSONAL NAME

  • Personal name: Malkoç, Anna Maria

670 ## - SOURCE DATA FOUND

  • Source citation: Her Easy plays in English, 1993:
  • Information found: CIP t.p. (Anna Maria Malkoç)

670 ## - SOURCE DATA FOUND

  • Source citation: LC data base, 2-11-93
  • Information found: (hdg.: Malkoç, Anna Maria)
Devinim Yazılım Eğitim Danışmanlık tarafından Koha'nın orjinal sürümü uyarlanarak geliştirilip kurulmuştur.